Statistics for Geographic Modern names

Click here to take the quiz!

General Stats

  • This quiz has been taken 62 times
  • The average score is 11 of 14

Answer Stats

HintAnswer% Correct
PersiaIran
98%
SiamThailand
97%
United Socialist Soviet Republic (USSR)Russia
95%
BombayMumbai
93%
CalcuttaKolkata
86%
EdoTokyo
86%
Prussia (greater area)Germany
85%
MesopotamiaIraq
85%
Southern RhodesiaZimbabwe
76%
Gold CoastGhana
63%
AotearoaNew Zealand
59%
German East AfricaTanzania
51%
Port GuineaGuinea-Bissau
46%
Seward's FollyAlaska
39%

Score Distribution

Percentile by Number Answered

Percent of People with Each Score

Your Score History

You have not taken this quiz